Normal view
MARC view
Entry Topical Term
001 - CONTROL NUMBER
- control field: 6047
003 - CONTROL NUMBER IDENTIFIER
- control field: BD-RjUL
005 - DATE AND TIME OF LATEST TRANSACTION
- control field: 20221127182313.0
008 - FIXED-LENGTH DATA ELEMENTS
- fixed length control field: 221127|| aca||aabn | a|a d
040 ## - CATALOGING SOURCE
- Original cataloging agency: BD-RjUL
- Transcribing agency: BD-RjUL
150 ## - HEADING--TOPICAL TERM
- Topical term or geographic name entry element: Thin - film technology
- Form subdivision: Applied physics
670 ## - SOURCE DATA FOUND
- Source citation: Work cat.: (BD-RjUL)80854: Ambia, Md. Ghulam 6046, A Study of the electrical and optical properties of ZnO thin films spray pyrolysis form Zn (C2 H3 O2)2 2h2O /, 1994